Game of Thrones Season 1 Trivia - Statistics

General Stats
  • This quiz has been taken 680 times
  • The average score is 11 of 18
Answer Stats
Question Answer % Correct
Theon, the ward at Winterfell, is from which house? Greyjoy
96%
How is Eddard Stark Killed? Beheaded
91%
Sandor Clegane is better known as what? The Hound
89%
Which character becomes the prized captive of Robb Stark after the Battle of the Whispering Wood? Jaime Lannister
88%
Who saves Tyrion by winning the trial by combat at the Eyrie? Bronn
82%
Who is the 'Master of Whisperers' at King's Landing? Varys
81%
Who is given a 'golden crown' by Khal Drogo, in Episode 5? Viserys Targaryen
72%
What is the name of Bran Stark's direwolf? Summer
65%
Which character says the quote: "power is power"? Cersei Lannister
64%
What is the gift that Tyrion gives to a crippled Bran Stark? Saddle
62%
What is the name of Eddard's Starks longsword? Ice
61%
What is the name of the wildling that is forced to be a servant at Winterfell, despite making an attempt on Bran's life? Osha
57%
How does Khal Drogo die? Suffocation
46%
What is the name of the episode where Eddard Stark dies? Baelor
25%
Who is revealed to be the lowborn woman that Tyrion married in his youth? Tysha
23%
Who is beheaded by Ned Stark for deserting the NIght's Watch? Will
23%
Who is the first of Robb's bannermen to proclaim him 'King in the North'? Greatjon Umber
20%
Who does Robert Baratheon believe Jon Snow's mother is? Wylla
18%
No matching quizzes found
Score Distribution
Percent of People with Each Score
Percentile by Number Answered
Your Score History
You have not taken this quiz